Food and beverage : (Record no. 133441)

MARC details
000 -LEADER
fixed length control field 00759nam a22002297a 4500
005 - DATE AND TIME OF LATEST TRANSACTION
control field 20170124110209.0
010 ## - LIBRARY OF CONGRESS CONTROL NUMBER
LC control number A-945423
020 ## - INTERNATIONAL STANDARD BOOK NUMBER
Terms of availability 00.00
International Standard Book Number 8173912548
035 ## - SYSTEM CONTROL NUMBER
System control number A-945423
037 ## - SOURCE OF ACQUISITION
Source of stock number/acquisition Cen Lib/Ret
040 ## - CATALOGING SOURCE
Original cataloging agency DPL
Language of cataloging EN
082 ## - DEWEY DECIMAL CLASSIFICATION NUMBER
Classification number 647.95
Item number NEG
100 ## - MAIN ENTRY--PERSONAL NAME
Personal name Negi, Jagmohan
9 (RLIN) 18453
245 ## - TITLE STATEMENT
Title Food and beverage :
Statement of responsibility, etc by Jagmohan Negi
Remainder of title management and cost control /
260 ## - PUBLICATION, DISTRIBUTION, ETC. (IMPRINT)
Place of publication, distribution, etc New Delhi
Name of publisher, distributor, etc Kanishka Publishers, Distributors
Date of publication, distribution, etc 1999
270 ## - ADDRESS
City New Delhi
Postal code 110002
Address 4697/5-21A, Ansari Road, Darya Ganj
300 ## - PHYSICAL DESCRIPTION
Extent 397p.
Dimensions 25cm(Hb)
500 ## - GENERAL NOTE
General note Includes index<br/>
650 ## - SUBJECT ADDED ENTRY--TOPICAL TERM
Topical term or geographic name as entry element Food industry and trade -- Management
9 (RLIN) 37954
650 ## - SUBJECT ADDED ENTRY--TOPICAL TERM
Topical term or geographic name as entry element Food industry and trade -- Cost control
9 (RLIN) 37955
942 ## - ADDED ENTRY ELEMENTS (KOHA)
Source of classification or shelving scheme Dewey Decimal Classification
Koha item type English Books
Classification part 647.95
Call number suffix NEG
Holdings
Withdrawn status Lost status Damaged status Not for loan Home library Current library Date acquired Source of acquisition Cost, normal purchase price Total Checkouts Full call number Barcode Date last seen Copy number Cost, replacement price Price effective from Koha item type Public note
Written off       Central Library Central Library 25/07/2015 Cen Lib/Ret 0.00   647.95 NEG A-945423 25/07/2015 1 0.00 25/07/2015 English Books W/d List No. 6873/20 ; dtd 20/08/2020

© Delhi Public Library
Hit Counter
free hit counter